Manual de derecho tributario: ley de impuesto a la renta

Salvato in:
Dettagli Bibliografici
Autore principale: Figueroa Velasco, Patricio (autor)
Natura: Libro
Lingua:spagnolo
Pubblicazione: Santiago Jurídica de Chile 1981
Serie:Manuales jurídicos, 82
Soggetti:
Tags: Aggiungi Tag
Nessun Tag, puoi essere il primo ad aggiungerne!!

MARC

LEADER 00000nam a2200000 a 4500
001 UCY1211
003 CL-VaPUC
008 940824e19810000CL |||||||||||||||||spa|d
082 0 4 |a 343.052  |b FIG  |2 21 
100 |a Figueroa Velasco, Patricio  |e autor  |9 586438 
245 1 0 |a Manual de derecho tributario: ley de impuesto a la renta 
246 1 0 |a Impuesto a la renta 
246 1 0 |a Decreto Ley 824 
300 |a 481 p 
942 |c BK 
945 |d 19940824 00:00:00  |a aalvarez 
260 |a Santiago  |b Jurídica de Chile  |c 1981 
500 |a Decreto Ley 824 
650 7 |a IMPUESTO SOBRE LA RENTA - ASPECTOS JURIDICOS  |2 CL-VaPUC  |9 329138 
651 7 |a CHILE  |2 CL-VaPUC  |9 329139 
583 |a last modification  |c 19940824 00:00:00  |k Rodrigo Vera 
490 0 |a Manuales jurídicos, 82 
999 |c 229987  |d 229985 
952 |0 0  |1 0  |4 0  |6 343_052000000000000_FIG_1981  |7 0  |8 A  |9 231779  |a BIBDER  |b BIBDER  |d 2019-11-15  |i 3012409  |o 343.052 FIG 1981  |p 3012409  |r 2023-01-25  |w 2019-11-15  |y BK  |k DER